000 00779nam a2200265 a 4500
001 BRCA_5482
005 20190320205111.0
008 010211s1944----au-a######---#000-0#ger-#
041 _ager
044 _aau
050 4 _aND653.B6
_b.P54 1
_c1944
100 1 _aPlietzsch, Eduard
_914016
245 1 0 _aGerard Ter Borch
_cEduard Plietzsch.
260 _aViena, Austria
_bAnton Schroll
_c1944
300 _a56 p.
_bil. (algunas a color), 112 láminas
_c25 cm.
440 0 _aSammlung Schroll
_913824
500 _aIncluye catálogo de obras
500 _aEstado físico: Camisa deteriorada
500 _aEjemplar igual a E150a
500 _aE130
600 1 4 _aBorch, Gerard Ter
_d1608-1681
_914017
650 1 4 _aPintores holandeses
_914018
902 _aGFM
942 _2lcc
_cB
999 _c5176
_d5176